Traité de droit administratif
محفوظ في:
| المؤلفون الرئيسيون: | , |
|---|---|
| التنسيق: | كتاب |
| اللغة: | الفرنسية |
| منشور في: |
París
Librairie Générale de Droit et de Jurisprudence
1990
|
| الطبعة: | 4a. ed |
| الموضوعات: | |
| الوسوم: |
إضافة وسم
لا توجد وسوم, كن أول من يضع وسما على هذه التسجيلة!
|
MARC
| LEADER | 00000nam a2200000 a 4500 | ||
|---|---|---|---|
| 001 | UCS5371 | ||
| 003 | CL-VaPUC | ||
| 008 | 970830e19900000FR |||||||||||||||||fre|d | ||
| 082 | 0 | 4 | |a 342.06 |b LAU |2 21 |
| 100 | |a Laubadere, André de |e author |9 391151 | ||
| 700 | 0 | |a Venezia, Jean Claude |e author |9 391152 | |
| 245 | 1 | 0 | |a Traité de droit administratif |
| 250 | |a 4a. ed | ||
| 300 | |a v | ||
| 942 | |c BK | ||
| 945 | |d 19970830 00:00:00 |a lriquelm | ||
| 260 | |a París |b Librairie Générale de Droit et de Jurisprudence |c 1990 | ||
| 650 | 0 | |a Derecho administrativo |9 254851 | |
| 650 | 0 | |a Estado |9 255503 | |
| 650 | 7 | |a INTERVENCION |2 CL-VaPUC |9 391153 | |
| 650 | 7 | |a PROTECCION |2 CL-VaPUC |9 391154 | |
| 650 | 7 | |a DEFENSA NACIONAL |2 CL-VaPUC |9 391155 | |
| 650 | 0 | |a Servicios públicos |9 328528 | |
| 650 | 0 | |a Protección del medio ambiente |9 257626 | |
| 651 | 0 | |a Francia |9 255157 | |
| 583 | |a last modification |c 19970830 00:00:00 |k Rodrigo Vera | ||
| 999 | |c 261884 |d 261882 | ||
| 952 | |0 0 |1 0 |4 0 |6 342_060000000000000_LAU_1990 |7 0 |8 A |9 289791 |a BIBDER |b BIBDER |d 2019-11-19 |h v.3 |i 2549298 |o 342.06 LAU 1990 |p 2549298 |r 2023-01-25 |w 2019-11-19 |y BK |k DER | ||